Biggest Cities in Each Canadian Province - Statistics

General Stats
  • This quiz has been taken 10 times
  • The average score is 30 of 45
Answer Stats
Province Population City % Correct
Alberta 1,612,834 Calgary
100%
Alberta 1,238,295 Edmonton
100%
Nova Scotia* 348,634 Halifax
100%
Quebec 1,915,366 Montreal
100%
Ontario 1,188,114 Ottawa
100%
Quebec 592,658 Quebec City
100%
New Brunswick 79,371 Saint John
100%
Saskatchewan 318,067 Saskatoon
100%
Newfoundland and Labrador 128,693 St. John's
100%
Ontario 3,271,830 Toronto
100%
British Columbia 740,454 Vancouver
100%
Ontario 777,759 Brampton
89%
New Brunswick 74,655 Fredericton
89%
Ontario 640,465 Hamilton
89%
Ontario 764,597 Mississauga
89%
New Brunswick 102,378 Moncton
89%
Alberta 115,409 Red Deer
89%
Saskatchewan 263,419 Regina
89%
British Columbia 703,531 Surrey
89%
Manitoba 850,260 Winnipeg
89%
Prince Edward Island 48,118 Charlottetown
78%
Quebec 306,105 Gatineau
78%
Quebec 461,509 Laval
78%
British Columbia 175,358 Abbotsford
67%
British Columbia 299,682 Burnaby
67%
British Columbia 239,584 Richmond
67%
Quebec 268,530 Longueuil
56%
Alberta 92,544 Airdrie
44%
Manitoba 59,444 Brandon
44%
Alberta 113,671 Lethbridge
44%
Saskatchewan 36,337 Moose Jaw
44%
Saskatchewan 18,154 Swift Current
44%
Nova Scotia* 23,583 Truro
44%
Newfoundland and Labrador 20,549 Corner Brook
33%
New Brunswick 35,986 Dieppe
33%
Saskatchewan 40,728 Prince Albert
33%
Manitoba 21,671 Steinbach
33%
Prince Edward Island 19,006 Summerside
33%
Nova Scotia* 30,960 Sydney
33%
Manitoba 16,156 Winkler
33%
New Brunswick 19,402 Miramichi
22%
Newfoundland and Labrador 24,266 Mount Pearl
22%
Nova Scotia* 19,316 New Glasgow
22%
Manitoba 14,738 Portage la Prairie
22%
Nova Scotia* 16,915 Glace Bay
11%
No matching quizzes found
Score Distribution
Percent of People with Each Score
Percentile by Number Answered
Your Score History
You have not taken this quiz